Hóa học các hợp chất thiên nhiên Tập 1
Khái quát mối quan hệ phát sinh sinh vật của các hợp chất thiên nhiên và đề cập đến một số nhóm hỗn hợp các hợp chất thiên nhiên thuộc nhiều nguồn gốc như: Carbohydrat, lipid và eicosanoid, polyketid, terpenoid, steroid, phenylpropanoid...
Salvato in:
| Autore principale: | |
|---|---|
| Altri autori: | |
| Natura: | Libro |
| Lingua: | Undetermined |
| Pubblicazione: |
H.
Khoa học và Kỹ thuật
2016
|
| Soggetti: | |
| Accesso online: | http://lrc.tdmu.edu.vn/opac/search/detail.asp?aID=2&ID=29062 |
| Tags: |
Aggiungi Tag
Nessun Tag, puoi essere il primo ad aggiungerne! !
|
| Thư viện lưu trữ: | Trung tâm Học liệu Trường Đại học Thủ Dầu Một |
|---|
| LEADER | 01072nam a2200229Ia 4500 | ||
|---|---|---|---|
| 001 | TDMU_29062 | ||
| 008 | 210410s9999 xx 000 0 und d | ||
| 082 | |a 344.5970502632 | ||
| 090 | |b PH105 | ||
| 100 | |a Phan, Tống Sơn | ||
| 245 | 0 | |a Hóa học các hợp chất thiên nhiên | |
| 245 | 0 | |c Phan Tống Sơn, Phan Minh Giang | |
| 245 | 0 | |n Tập 1 | |
| 260 | |a H. | ||
| 260 | |b Khoa học và Kỹ thuật | ||
| 260 | |c 2016 | ||
| 300 | |a 415tr. | ||
| 520 | |a Khái quát mối quan hệ phát sinh sinh vật của các hợp chất thiên nhiên và đề cập đến một số nhóm hỗn hợp các hợp chất thiên nhiên thuộc nhiều nguồn gốc như: Carbohydrat, lipid và eicosanoid, polyketid, terpenoid, steroid, phenylpropanoid | ||
| 650 | |a Hóa hữu cơ |x Hợp chất tự nhiên | ||
| 700 | |a Phan, Minh Giang | ||
| 856 | |u http://lrc.tdmu.edu.vn/opac/search/detail.asp?aID=2&ID=29062 | ||
| 980 | |a Trung tâm Học liệu Trường Đại học Thủ Dầu Một | ||